| 000 | 00870nam a2200253Ia 4500 | ||
|---|---|---|---|
| 003 | OSt | ||
| 005 | 20220926012306.0 | ||
| 006 | a|||||r|||| 00| 0 | ||
| 007 | ta | ||
| 008 | 220923b |||||||| |||| 00| 0 eng d | ||
| 020 |
_a9781107619180 _c675.75 |
||
| 037 |
_b854, 07/02/2014, Pranami Book Service _cGeneral Book |
||
| 040 |
_aRTL _cRTL _beng |
||
| 041 |
_2eng _aeng |
||
| 082 | _aY73(Q7).P, Q2 | ||
| 100 |
_aZAMAN Muhammad Qasim _927200 |
||
| 245 | 0 |
_aModern Islamic thought in a radical age _b Religious authority and internal criticism. |
|
| 260 |
_aNew York _bCambridge University Press _c2012 |
||
| 300 |
_ax,363p. _ccm. |
||
| 500 | _aBibliography: P 212-26. Glossary: P 208-11 | ||
| 650 | _aSociology | ||
| 942 |
_hY73(Q7).P, Q2 _cGB _2CC |
||
| 999 |
_c622401 _d622401 |
||